000 07336nam2a22003971 4500
001 RU\NLR\A1\20242
005 20260413114214.0
035 _a(NLR Aleph) 009675701
090 _a13474675
_c13474675
100 _a19980918d1792 m y0rusy50 ca
101 1 _arus
_cfre
140 _ay y jayaa0100
200 0 _aЧ.1
215 _a[8], VI, 424, [2] с.
316 _aЭкз. РНБ (138/2274(ч.1)) в картон. коричневом цельнокожаном пер. На крышках пер. вытиснена линейная рамка. На нижней крышке пер. ярлык с шифром РНБ. Корешок с 5-ю бинтами, с блинтовым тиснением. На корешке две кожаные наклейки, зеленая и крас., на которых вытиснено: "Мнения нравоучител" и "I". Обрез тонир. крас. Форзац и нахзац из синей бумаги. На форзаце ярлык с шифром РНБ. На тит. л. круглый штамп "Госуд. Публичн. библиотека Дублет". На обороте тит. л. и с.33 круглый штамп ГПБ. На с.[1] 2го ряда техн. помета.
_5NLR: 138/2274(ч.1)
316 _aЭкз. РНБ (138/2274а(ч.1)) в картон. коричневом цельнокожаном пер. На нижней крышке пер. ярлык с шифром РНБ. Корешок с 5-ю бинтами, с блинтовым тиснением. Фрагм. корешка утрачены. На корешке крас. кожаная наклейка, на которой вытиснено: "Мнения", фрагм. светлой кожаной наклейки и бумаж. наклейка с номером "532". Обрез тонир. крас. На форзаце ярлык с шифром РНБ. На обороте форзаца запись "Б. В. К. В.". На нахзаце техн. штамп. На тит. л. круглый штамп "Госуд. Публичн. библиотека Дублет". Фрагм. с.I-II (1-ый лист посвящ.) отрезан. На обороте тит. л. круглый штамп ГПБ. На с.[1] 2го ряда техн. помета.
_5NLR: 138/2274а(ч.1)
316 _aЭкз. РНБ (18.111.4.19(ч.1)) в картон. коричневом цельнокожаном пер. На нижней крышке пер. бумаж. наклейка с шифром РНБ. Корешок с 5-ю бинтами, с тиснением золотом. Фрагм. корешка утрачен. Позолота почти полностью утрачена. На корешке две кожаные наклейки, зеленая и крас., на которых вытиснено: "Мнения нравоучительныя" и "Часть I" и бумаж. наклейка с порядковым номером кн. на полке "19". Обрез тонир. крас. На форзаце ярлык с шифром РНБ. На тит. л., с.33, 53 и [1] 2го ряда круглый штамп ГПБ. С.[3-7] (посвящ.) вплетены в ч.2.
_5NLR: 18.111.4.19(ч.1)
316 _aЭкз. РНБ (РЗФ 18 в. 3/1422(ч.1)) в картон. коричневом марморир. цельнокожаном пер. На нижней крышке пер. экслибрис РЗФ ГПБ с шифром. Корешок с 5-ю бинтами, с тиснением золотом. Фрагм. корешка утрачен. Позолота почти полностью утрачена. На корешке две кожаные наклейки, крас. и зелена на которых вытиснено: "Мнения графа Оксенштирн" и "I" . Обрез тонир. крас. На нахзаце техн. штамп. На тит. л. круглый штамп "Госуд. Публичн. библиотека Дублет".
_5NLR: РЗФ 18 в. 3/1422(ч.1)
316 _aЭкз. РНБ (РЗФ 18 в. 3/1422а(ч.1)) в картон. коричневом цельнокожаном пер. На нижней крышке пер. экслибрис РЗФ ГПБ с шифром. Корешок с 5-ю бинтами, с тиснением золотом. Позолота почти полностью утрачена. На корешке две кожаные наклейки, крас. и зеленая, на которых вытиснено: "Мнения" и "1" . Фрагм. зеленой наклейки утрачен. Обрез тонир. крас. Правая сторона форзаца и левая сторона нахзаца утрачены. На большей части кн. блока потеки у нижнего обреза.
_5NLR: РЗФ 18 в. 3/1422а(ч.1)
317 _aЭкз. РНБ (РЗФ 18 в. 3/1422(ч.1)) на нахзаце шрифтовой ярлык «Антикварная книжная торговля В.И.Клочкова».
_5NLR: РЗФ 18 в. 3/1422(ч.1)
317 _aВ экз. РНБ (138/2274(ч.1)) на нахзаце шрифтовой ярлык «Антикварная книжная торговля В.И.Клочкова».
_5NLR: 138/2274(ч.1)
317 _aВ экз. РНБ (138/2274а(ч.2)) на обороте форзаца дарственная надпись: "Его превосходительству милостивому государю Михайле Ивановичу Коваленскому [нрзб] в знак смиреннаго [нрзб] 1796го года [нрзб] марте".
_5NLR: 138/2274а(ч.1)
461 1 _1001RU\NLR\A1\20241
_12000#$aМнения нравоучительныя на разные случаи,$eс правилами и разсуждениями$fгосподина графа Оксенштирна.$gПереведено с французскаго И.а.о.ъ. К.д.я.ц.в.м [Иваном Кудрявцевым]$vЧ.1
_1700#1$6z01790$6z03790$6z04790$aОксенстьерна$bИ. Т.$f1666-1733$cграф$3RU\NLR\AUTH\77100779$gИоганн Тюрессон$4070
_99681516
_aОксенстьерна, И. Т. (граф ; 1666-1733)
_cМосква
_d1792
_fгосподина графа Оксенштирна.
_nв Университетской типографии, у В.Окорокова
_oс правилами и разсуждениями
_tМнения нравоучительныя на разные случаи,
_vЧ.1
702 1 _aКоваленский
_bМ. И.
_gМихаил Иванович
_5NLR: 138/2274а(ч.1)
_4390
702 1 _4160
_7ca
_8rus
_aКлочков
_bВ. И.
_fок.1861-1915
_gВасилий Иванович
_9172600
_3RU\NLR\AUTH\770172651
702 1 _4160
_7ca
_8rus
_aКлочков
_bВ. И.
_fок.1861-1915
_gВасилий Иванович
_9172600
_3RU\NLR\AUTH\770172651
801 0 _aRU
_bNLR
_c19980918
852 _aNLR
_j18.111.4.19(ч.1)
852 _aNLR
_j138/2274(ч.1)
852 _aNLR
_j138/2274а(ч.1)
852 _aNLR
_bРЗФ
_j18 в. 3/1422(ч.1)
852 _aNLR
_bРЗФ
_j18 в. 3/1422а(ч.1)
942 _cBOOK
980 _aA1XVIIIv
980 _aNB